[Event "TICP 2010"]
[Site "Charleroi"]
[Date "2010.08.01"]
[Round "2.15"]
[White "Demeirleir, Alain"]
[Black "Vanderwaeren, Serge"]
[Result "0-1"]
[WhiteElo "1881"]
[BlackElo "2168"]
[PlyCount "66"]

1. d4 e6 2. e4 d5 3. e5 c5 4. c3 Nc6 5. Nf3 Bd7 6. Bd3 Qb6 7. dxc5 Bxc5 8. O-O
Qc7 9. b4 Bb6 10. Bf4 Nge7 11. a4 a6 12. Na3 Ng6 13. Bxg6 fxg6 14. Nc2 O-O 15.
Bg3 Ne7 16. Ra3 Nf5 17. Ncd4 Bxd4 18. cxd4 Rac8 19. Qd3 Qc2 20. Rd1 Qxd3 21.
Raxd3 Bxa4 22. Ra1 Bb5 23. Rd2 Rc4 24. Rb1 Rfc8 25. h4 Rc1+ 26. Rxc1 Rxc1+ 27.
Kh2 Rc4 28. Bf4 h6 29. g4 Ne7 30. Be3 Nc6 31. h5 g5 32. Ne1 Rxb4 33. Nc2 Rb2
0-1

[Event "TICP 2010"]
[Site "Charleroi"]
[Date "2010.08.01"]
[Round "2.16"]
[White "Lacroix, Bruno"]
[Black "Gregorio, Santiago"]
[Result "1-0"]
[WhiteElo "2165"]
[BlackElo "1872"]
[PlyCount "122"]

1. d4 c6 2. Nf3 d5 3. c4 Nf6 4. e3 Nbd7 5. Bd3 e6 6. Nbd2 Bd6 7. O-O O-O 8. b3
e5 9. cxd5 cxd5 10. dxe5 Nxe5 11. Be2 Nc6 12. Bb2 Bf5 13. Nd4 Nxd4 14. Bxd4 b6
15. Bf3 Be6 16. a3 Qe7 17. b4 Rac8 18. h3 Bb8 19. Re1 Rfd8 20. Qb1 Qd6 21. Nf1
Ne8 22. Rd1 Qe7 23. Be2 Nd6 24. Bd3 Qh4 25. Ng3 f6 26. a4 Qh6 27. Nf5 Nxf5 28.
Bxf5 Bxf5 29. Qxf5 Qg6 30. Qxg6 hxg6 31. b5 Kf7 32. a5 bxa5 33. Rxa5 Rd7 34.
Rda1 Rdc7 35. g3 Rc1+ 36. Rxc1 Rxc1+ 37. Kg2 Rc7 38. Kf3 Ke6 39. Ra6+ Ke7 40.
g4 g5 41. Ke2 Rb7 42. Bc5+ Kf7 43. Ra5 Ke6 44. Kd3 Rd7 45. Ra6+ Kf7 46. f4 gxf4
47. exf4 Rb7 48. Ra5 Kg6 49. Be3 Kh7 50. h4 Rd7 51. h5 Re7 52. g5 fxg5 53. fxg5
g6 54. h6 Rf7 55. Bd4 Rf3+ 56. Ke2 Rf7 57. Bf6 Rd7 58. Kd3 Rb7 59. Ra6 Rb6 60.
Rxb6 axb6 61. Kd4 Bd6 1-0

[Event "TICP 2010"]
[Site "Charleroi"]
[Date "2010.08.01"]
[Round "2.17"]
[White "Capone, Nicola"]
[Black "Noiroux, Kevin"]
[Result "0-1"]
[WhiteElo "1877"]
[BlackElo "2162"]
[PlyCount "44"]

1. e4 d5 2. exd5 Qxd5 3. Nc3 Qa5 4. d4 Nf6 5. Nf3 c6 6. Bc4 Bf5 7. Bd2 e6 8.
Nd5 Qd8 9. Nxf6+ gxf6 10. Bb3 a5 11. a4 Na6 12. Qe2 Nb4 13. Bc3 Nd5 14. Nh4 Bg6
15. Nxg6 hxg6 16. Bd2 Qb6 17. Qd3 Rh4 18. Bxd5 exd5 19. Qe3+ Re4 20. O-O-O Rxe3
21. Bxe3 Qb4 22. Rhe1 Kd7 0-1

[Event "TICP 2010"]
[Site "Charleroi"]
[Date "2010.08.01"]
[Round "2.18"]
[White "Van Uytven, Eric"]
[Black "Majewski, Philippe"]
[Result "1-0"]
[WhiteElo "2160"]
[BlackElo "1853"]
[PlyCount "128"]

1. d4 Nf6 2. Bg5 h6 3. Bxf6 exf6 4. e4 d5 5. exd5 Qxd5 6. Nf3 b5 7. Qe2+ Qe6 8.
Qxe6+ fxe6 9. Bxb5+ Bd7 10. Bxd7+ Kxd7 11. Nbd2 Nc6 12. O-O-O Na5 13. c3 Bd6
14. Ne5+ fxe5 15. dxe5 Rhf8 16. Ne4 Nb7 17. f3 Ke7 18. exd6+ cxd6 19. Rhe1 Rac8
20. Rd4 Rf5 21. Kc2 Rc6 22. b3 Nc5 23. Kb2 Nxe4 24. Rdxe4 d5 25. Rb4 Rf7 26.
Rb7+ Kf6 27. Rxf7+ Kxf7 28. c4 Kf6 29. cxd5 exd5 30. Rc1 Re6 31. Kc3 Rc6+ 32.
Kd2 Ra6 33. Rc2 Ke5 34. Kd3 g5 35. Re2+ Kd6 36. Kd4 Rb6 37. Re8 Rb4+ 38. Kd3
Rb6 39. Kd4 Rb4+ 40. Kc3 Rf4 41. Rh8 Rf6 42. Ra8 Rf7 43. b4 Rc7+ 44. Kd3 Rb7
45. a3 Rf7 46. Rh8 Rf6 47. Rh7 a6 48. Ra7 Ke5 49. Re7+ Kd6 50. Re8 Kc6 51. Rc8+
Kd6 52. Rc2 Rf4 53. Rc5 g4 54. fxg4 Rxg4 55. Ra5 Rxg2 56. Rxa6+ Ke5 57. Rxh6
Ra2 58. Rh5+ Ke6 59. Kd4 Rxa3 60. Rh6+ Kd7 61. Kxd5 Kc7 62. Kc5 Rc3+ 63. Kb5
Rf3 64. Rh7+ Kb8 1-0

[Event "TICP 2010"]
[Site "Charleroi"]
[Date "2010.08.01"]
[Round "2.19"]
[White "Marchal, Chantal"]
[Black "Barbier, Wim"]
[Result "0-1"]
[WhiteElo "1864"]
[BlackElo "2151"]
[PlyCount "40"]

1. e4 d6 2. d4 Nf6 3. Nc3 e5 4. dxe5 dxe5 5. Qxd8+ Kxd8 6. Bc4 Ke8 7. Nf3 Bd6
8. Bg5 Nbd7 9. O-O-O a6 10. Rhe1 h6 11. Bd2 Bc5 12. Re2 c6 13. Nh4 b5 14. Bb3
a5 15. a3 Ba6 16. Be3 b4 17. Red2 bxc3 18. Bxf7+ Kxf7 19. Rxd7+ Nxd7 20. Rxd7+
Ke6 0-1

[Event "TICP 2010"]
[Site "Charleroi"]
[Date "2010.08.01"]
[Round "2.20"]
[White "Uhoda, Philippe"]
[Black "Atienza, Hilario"]
[Result "1-0"]
[WhiteElo "2143"]
[BlackElo "1851"]
[PlyCount "63"]

1. d4 d5 2. c4 c6 3. Nf3 Nf6 4. Nc3 e6 5. e3 Nbd7 6. Bd3 dxc4 7. Bxc4 b5 8. Bd3
a6 9. e4 c5 10. e5 Nd5 11. Nxd5 exd5 12. dxc5 Nxc5 13. O-O Be7 14. Be3 Nxd3 15.
Qxd3 Be6 16. Nd4 O-O 17. f4 g6 18. f5 gxf5 19. Bh6 Kh8 20. Bxf8 Bxf8 21. Nxf5
Qc7 22. Nd6 Bxd6 23. exd6 Qxd6 24. Qd4+ Kg8 25. Rac1 Rc8 26. Rxc8+ Bxc8 27. b4
Be6 28. Rc1 Bf5 29. a3 Be6 30. Rc3 Qd7 31. Rg3+ Kf8 32. Qc5+ 1-0

[Event "TICP 2010"]
[Site "Charleroi"]
[Date "2010.08.01"]
[Round "2.22"]
[White "Hanset, Marc"]
[Black "Van de Wynkele, Eric"]
[Result "1-0"]
[WhiteElo "1850"]
[BlackElo "2113"]
[PlyCount "33"]

1. e4 Nf6 2. e5 Nd5 3. c4 Nb6 4. d4 d6 5. f4 dxe5 6. fxe5 c5 7. d5 e6 8. Nc3
exd5 9. cxd5 g6 10. Nf3 Bg4 11. h3 Bxf3 12. Qxf3 a6 13. Ne4 Nxd5 14. Bc4 Be7
15. Bxd5 Qxd5 16. Nf6+ Bxf6 17. Qxd5 1-0

[Event "TIPC 2010"]
[Site "Charleroi"]
[Date "2010.08.02"]
[Round "3.1"]
[White "Wirig, Anthony"]
[Black "Noiroux, Kevin"]
[Result "1-0"]
[WhiteElo "2489"]
[BlackElo "2162"]
[PlyCount "53"]

1. c4 Nf6 2. g3 c6 3. Bg2 d5 4. Nf3 b5 5. cxd5 cxd5 6. d4 e6 7. Bf4 Nbd7 8. O-O
Be7 9. Nbd2 Ba6 10. Ne5 Nxe5 11. dxe5 Nd7 12. e4 d4 13. h4 O-O 14. Qg4 Kh8 15.
Rfd1 b4 16. Nb3 Bc5 17. Nxd4 Qb6 18. Nxe6 Bxf2+ 19. Kh2 Qxe6 20. Qxe6 fxe6 21.
Rxd7 Rac8 22. Rad1 Rc2 23. R1d2 Rxd2 24. Rxd2 Bc5 25. Bh3 Bc8 26. h5 Kg8 27.
Rc2 1-0

[Event "TIPC 2010"]
[Site "Charleroi"]
[Date "2010.08.02"]
[Round "3.2"]
[White "Barbier, Wim"]
[Black "Rausis, Igor"]
[Result "1/2-1/2"]
[WhiteElo "2151"]
[BlackElo "2466"]
[PlyCount "60"]

1. c4 b6 2. Nc3 Bb7 3. e4 e6 4. Nge2 Nf6 5. d3 d5 6. cxd5 exd5 7. Bg5 dxe4 8.
dxe4 Qxd1+ 9. Rxd1 Nbd7 10. f3 O-O-O 11. Nd4 h6 12. Bf4 Nh5 13. Be3 Bc5 14. g4
Ne5 15. Be2 Nf6 16. Kf2 g6 17. h4 a6 18. a3 Rhe8 19. b4 Bf8 20. g5 hxg5 21.
hxg5 Nh5 22. Nb3 Bg7 23. Nd5 Kb8 24. a4 Nd7 25. a5 b5 26. Nf4 Nxf4 27. Bxf4 Be5
28. Bxe5 Nxe5 29. Nc5 Rxd1 30. Rxd1 Bc8 1/2-1/2

[Event "TIPC 2010"]
[Site "Charleroi"]
[Date "2010.08.02"]
[Round "3.3"]
[White "Hautot, Stéphane"]
[Black "Van Uytven, Eric"]
[Result "1-0"]
[WhiteElo "2422"]
[BlackElo "2160"]
[PlyCount "77"]

1. d4 Nf6 2. c4 e6 3. Nf3 b6 4. g3 Bb7 5. Bg2 Be7 6. O-O O-O 7. Nc3 Qc8 8. d5
Bb4 9. Nd4 c6 10. Bg5 Bxc3 11. bxc3 cxd5 12. Bxf6 gxf6 13. cxd5 Na6 14. e3 Nc5
15. c4 f5 16. Qh5 f6 17. Nb5 Qd8 18. Rfd1 Qe7 19. Rab1 Rfd8 20. Rd4 Rab8 21.
Rh4 Ba6 22. Nd4 Bxc4 23. Nxf5 exf5 24. Rxc4 Kh8 25. Qxf5 Qe5 26. Bh3 Qxf5 27.
Bxf5 d6 28. Rh4 Rb7 29. Rbb4 Rg7 30. Rh6 Rf8 31. Rbh4 Rff7 32. Kf1 b5 33. Ke2
a5 34. a3 Rb7 35. Rxf6 b4 36. axb4 axb4 37. Rxd6 b3 38. Rc6 Nd7 39. Rc8+ 1-0

[Event "TIPC 2010"]
[Site "Charleroi"]
[Date "2010.08.02"]
[Round "3.4"]
[White "Jourdain, Jean Francois"]
[Black "Van der Stricht, Geert"]
[Result "0-1"]
[WhiteElo "2140"]
[BlackElo "2393"]
[PlyCount "68"]

1. e4 c5 2. Nf3 d6 3. d4 cxd4 4. Qxd4 a6 5. Be3 Nc6 6. Qb6 Qxb6 7. Bxb6 Bg4 8.
Nd4 Nf6 9. f3 Nd7 10. Nxc6 Nxb6 11. Nxe7 Bxf3 12. gxf3 Bxe7 13. Nd2 Bh4+ 14.
Kd1 d5 15. Bd3 O-O 16. c3 Rfd8 17. Kc2 Rac8 18. Rad1 d4 19. c4 Bg5 20. b3 Nd7
21. f4 Bxf4 22. Rhf1 Bxd2 23. Kxd2 Re8 24. Rf5 Ne5 25. Rg1 g6 26. Rgg5 h6 27.
Rg3 Rc6 28. h4 Kg7 29. Rf1 Ree6 30. Rc1 Rf6 31. Rf1 Rxf1 32. Bxf1 Rf6 33. Be2
Rf2 34. Ke1 Rf4 0-1

[Event "TIPC 2010"]
[Site "Charleroi"]
[Date "2010.08.02"]
[Round "3.5"]
[White "Claesen, Pieter"]
[Black "Uhoda, Philippe"]
[Result "1/2-1/2"]
[WhiteElo "2350"]
[BlackElo "2143"]
[PlyCount "103"]

1. c4 g6 2. Nc3 Bg7 3. g3 e5 4. Bg2 Nc6 5. e3 d6 6. Nge2 f5 7. d4 e4 8. Nf4 Nf6
9. h4 Qe7 10. Nfd5 Qf7 11. Nxf6+ Bxf6 12. Nd5 Bg7 13. b3 Nd8 14. Ba3 Ne6 15.
Qd2 c5 16. Bb2 b6 17. h5 O-O 18. hxg6 hxg6 19. O-O-O Bb7 20. Nf4 cxd4 21. Nxe6
Qxe6 22. Bxd4 Rad8 23. Qb2 Be5 24. Rh6 Kg7 25. Bxe5+ Qxe5 26. Qxe5+ dxe5 27.
Rdh1 Rh8 28. Rxh8 Rxh8 29. Rxh8 Kxh8 30. Kd2 Kg7 31. b4 Kf6 32. Bf1 Ke6 33. Kc3
Kd6 34. Be2 g5 35. Bh5 Bc8 36. Bg6 Bd7 37. g4 f4 38. Bf5 Bc6 39. exf4 exf4 40.
Kd4 e3 41. fxe3 f3 42. c5+ bxc5+ 43. bxc5+ Kc7 44. Bd3 Bd7 45. Ke5 Bxg4 46. Kf6
Bh3 47. Kxg5 f2 48. Kf4 f1=Q+ 49. Bxf1 Bxf1 50. Ke4 Kc6 51. Kd4 Bb5 52. Kc3
1/2-1/2

[Event "TIPC 2010"]
[Site "Charleroi"]
[Date "2010.08.02"]
[Round "3.6"]
[White "Maraite, Grégory"]
[Black "Vandevoort, Pascal"]
[Result "0-1"]
[WhiteElo "2098"]
[BlackElo "2345"]
[PlyCount "80"]

1. e4 c5 2. Nf3 Nc6 3. Nc3 d6 4. d4 cxd4 5. Nxd4 Nf6 6. h3 e5 7. Nf3 h6 8. Bc4
Be7 9. O-O O-O 10. Be3 Be6 11. Bb3 Na5 12. Qd3 Nxb3 13. axb3 a6 14. Rad1 Qc7
15. Nd2 Rac8 16. f4 b5 17. Rc1 exf4 18. Bxf4 Qb7 19. Rfe1 Rfe8 20. Ne2 d5 21.
e5 Ne4 22. Nd4 Bc5 23. c3 Bf5 24. b4 Nxd2 25. Qxd2 Bb6 26. Bg3 Be4 27. Kh2 Bc7
28. Nf3 Re6 29. Re2 Rce8 30. Rce1 Rg6 31. Nh4 Rxg3 32. Kxg3 Rxe5 33. Kf2 Bb6+
34. Kf1 Qe7 35. Nf3 Qf6 36. Rf2 Bxf2 37. Qxf2 Bxf3 38. Rxe5 Bxg2+ 39. Kxg2 Qxe5
40. Qc5 Qe6 0-1

[Event "TIPC 2010"]
[Site "Charleroi"]
[Date "2010.08.02"]
[Round "3.7"]
[White "Russo, Julien"]
[Black "Simon, Olivier"]
[Result "0-1"]
[WhiteElo "2084"]
[BlackElo "2339"]
[PlyCount "54"]

1. e4 c5 2. Nf3 g6 3. c3 Bg7 4. d4 cxd4 5. cxd4 d5 6. e5 Bg4 7. Nbd2 Nc6 8. h3
Bf5 9. Bb5 Qb6 10. Qb3 a6 11. Bxc6+ Qxc6 12. O-O Nh6 13. Nb1 Be4 14. Bf4 Bxf3
15. Qxf3 Nf5 16. Rd1 Qb6 17. g4 Qxb2 18. Nc3 Nxd4 19. Qxd5 Qxc3 20. Rxd4 O-O
21. Rc1 Qxh3 22. Be3 e6 23. Qd6 Rac8 24. Rxc8 Rxc8 25. Qd8+ Rxd8 26. Rxd8+ Bf8
27. Bc5 Qxg4+ 0-1

[Event "TIPC 2010"]
[Site "Charleroi"]
[Date "2010.08.02"]
[Round "3.8"]
[White "Van Vliet, Denis"]
[Black "Vandenbussche, Thibaut"]
[Result "0-1"]
[WhiteElo "2076"]
[BlackElo "2317"]
[PlyCount "68"]

1. d4 g6 2. c4 Bg7 3. Nc3 d6 4. e4 e5 5. Nge2 exd4 6. Nxd4 Nc6 7. Be3 Nge7 8.
h4 f5 9. h5 fxe4 10. hxg6 Nxg6 11. Nd5 Nxd4 12. Bxd4 Bxd4 13. Qxd4 O-O 14.
O-O-O Bf5 15. Ne3 Qf6 16. Qd5+ Kh8 17. Rh6 Qe5 18. Be2 Qxd5 19. Nxd5 Rf7 20.
Rdh1 Ne5 21. Bh5 Rg7 22. Ne3 Rf8 23. f3 exf3 24. Bxf3 Nd3+ 25. Kc2 Ne5+ 26.
Nxf5 Rxf5 27. Kc3 Re7 28. b3 Rf4 29. R1h3 a5 30. Rg3 b6 31. Bg4 Rg7 32. Re6
Nxg4 33. Re8+ Rg8 34. Rxg8+ Kxg8 0-1

[Event "TIPC 2010"]
[Site "Charleroi"]
[Date "2010.08.02"]
[Round "3.9"]
[White "Hulpia, Fabian"]
[Black "Houriez , Clement"]
[Result "0-1"]
[WhiteElo "2069"]
[BlackElo "2259"]
[PlyCount "68"]

1. e4 c5 2. Nf3 d6 3. d4 Nf6 4. Nc3 cxd4 5. Nxd4 a6 6. f3 e5 7. Nb3 Be6 8. Be3
Nbd7 9. g4 Nb6 10. g5 Nh5 11. Qd2 Be7 12. O-O-O O-O 13. Rg1 Qc7 14. Qf2 Nc4 15.
Bxc4 Qxc4 16. Na5 Qc7 17. Bb6 Qd7 18. h4 Rac8 19. Qe3 Nf4 20. Kb1 g6 21. Nb3
Bd8 22. Rd2 Bxb6 23. Qxb6 Rc6 24. Qb4 Qc7 25. Rgd1 Rd8 26. Nc1 b5 27. Nd5 Nxd5
28. exd5 Rc4 29. Qa3 Bf5 30. Nd3 a5 31. Qb3 a4 32. Qa3 Rc8 33. Rc1 Qa5 34. b4
Qb6 0-1

[Event "TIPC 2010"]
[Site "Charleroi"]
[Date "2010.08.02"]
[Round "3.10"]
[White "Bolzoni, Victor-Angel"]
[Black "Ponnet, Hendrik"]
[Result "1/2-1/2"]
[WhiteElo "2240"]
[BlackElo "2072"]
[PlyCount "119"]

1. e4 e5 2. Nf3 Nc6 3. Bc4 Nf6 4. Ng5 d5 5. exd5 Nd4 6. c3 b5 7. Bf1 Nxd5 8.
Ne4 Ne6 9. Bxb5+ Bd7 10. Bc4 Bc6 11. d3 f5 12. O-O g6 13. Ng3 Bg7 14. f4 Ndxf4
15. Nxf5 gxf5 16. Bxf4 Nxf4 17. Rxf4 Qg5 18. Rf2 e4 19. dxe4 fxe4 20. Na3 e3
21. Re2 Be5 22. Qd3 Qf4 23. Bf7+ Qxf7 24. Rf1 Qh5 25. g3 Bd6 26. Rxe3+ Kd7 27.
Rf5 Qg6 28. Nc4 Rae8 29. Ne5+ Rxe5 30. Rfxe5 Rf8 31. Qxg6 hxg6 32. Ra5 a6 33.
b4 Bb5 34. a4 Bf1 35. h4 c5 36. Re1 Bc4 37. Re4 Bd5 38. Rg4 Bb7 39. Rxg6 cxb4
40. cxb4 Bxb4 41. Rh5 Bc3 42. Rh7+ Kc8 43. Rg4 Bd5 44. Rh5 Be6 45. Rf4 Rxf4 46.
gxf4 Kd7 47. Kf2 Ke7 48. Ke3 a5 49. Kd3 Bb4 50. Rg5 Kf6 51. h5 Bf5+ 52. Ke3 Bf8
53. Rg2 Bd7 54. Rg5 Bf5 55. Rg8 Kf7 56. Rg2 Kf6 57. Rb2 Bb4 58. Rg2 Bf8 59. Kd4
Bh6 60. Rb2 1/2-1/2

[Event "TIPC 2010"]
[Site "Charleroi"]
[Date "2010.08.02"]
[Round "3.11"]
[White "Audin, Thierry"]
[Black "Godart, François"]
[Result "0-1"]
[WhiteElo "2011"]
[BlackElo "2240"]
[PlyCount "66"]

1. d4 Nf6 2. Nc3 d5 3. Bg5 Nbd7 4. Qd3 c6 5. Nf3 g6 6. e4 dxe4 7. Nxe4 Bg7 8.
O-O-O Qa5 9. Kb1 Nxe4 10. Qxe4 Nf6 11. Bxf6 Bxf6 12. Bc4 O-O 13. g4 Qb4 14. Bb3
a5 15. a3 Qb5 16. h4 c5 17. Ne5 cxd4 18. f4 a4 19. Bc4 Qc5 20. Ba2 Ra6 21. Nd3
Qc6 22. Bd5 Qb5 23. Nb4 Rd6 24. h5 Be6 25. Bxe6 Rxe6 26. Qg2 Re2 27. Qh3 Rd8
28. hxg6 hxg6 29. f5 g5 30. Qh7+ Kf8 31. Qh6+ Ke8 32. Rhe1 d3 33. Qh7 dxc2+ 0-1

[Event "TIPC 2010"]
[Site "Charleroi"]
[Date "2010.08.02"]
[Round "3.12"]
[White "Maes, Wim"]
[Black "Giadrosic, Dinko"]
[Result "1-0"]
[WhiteElo "2232"]
[BlackElo "1983"]
[PlyCount "49"]

1. e4 d6 2. d4 Nf6 3. Nc3 Nbd7 4. g4 h6 5. Be3 e5 6. f3 g5 7. Nge2 Be7 8. Ng3
Nf8 9. Qd2 c6 10. O-O-O Qa5 11. Kb1 Ng6 12. Nf5 Bxf5 13. gxf5 Nf8 14. h4 gxh4
15. Rxh4 Nd5 16. Rxh6 Nxc3+ 17. Qxc3 Qxc3 18. bxc3 Rxh6 19. Bxh6 O-O-O 20. Bc4
f6 21. Rg1 d5 22. exd5 cxd5 23. Bb3 Kc7 24. Rg7 Kd6 25. Bc1 1-0

[Event "TIPC 2010"]
[Site "Charleroi"]
[Date "2010.08.02"]
[Round "3.13"]
[White "Gorts , Sven"]
[Black "Sclacmender, Julien"]
[Result "0-1"]
[WhiteElo "1845"]
[BlackElo "2214"]
[PlyCount "112"]

1. e4 c5 2. Nf3 d6 3. d4 cxd4 4. Nxd4 Nf6 5. Nc3 g6 6. Be3 Bg7 7. f3 Nc6 8. Qd2
O-O 9. O-O-O Bd7 10. Kb1 Rc8 11. g4 Ne5 12. Be2 a5 13. h4 h5 14. gxh5 Nxh5 15.
Rdg1 Nc4 16. Bxc4 Rxc4 17. Nde2 a4 18. Bh6 a3 19. Bxg7 Kxg7 20. Rg5 Rh8 21.
Rhg1 Nf6 22. e5 dxe5 23. Qd3 Rcxh4 24. Rxg6+ Kf8 25. R6g2 Qb6 26. b3 Qd6 27.
Qe3 Bf5 28. Qg5 Bg6 29. Rd1 Qc7 30. Qc1 Rh2 31. Qg5 b5 32. Ne4 R8h5 33. Qg3
R2h3 34. Qf2 Rxf3 35. Qc5 Qxc5 36. Nxc5 Rfh3 37. Rgg1 Rh2 38. Rd8+ Kg7 39. Nc3
b4 40. N3e4 Rh1 41. Rdd1 Rxg1 42. Rxg1 Nxe4 43. Nxe4 Rh2 44. Ka1 Rxc2 45. Ng5
Kf6 46. Nh3 Bd3 47. Nf2 Bf5 48. Rf1 Ke6 49. Rd1 e4 50. Nh1 Ke5 51. Ng3 Bg4 52.
Re1 f5 53. Kb1 Rb2+ 54. Ka1 Rg2 55. Nf1 f4 56. Rc1 Rf2 0-1

[Event "TIPC 2010"]
[Site "Charleroi"]
[Date "2010.08.02"]
[Round "3.14"]
[White "Henris, Luc"]
[Black "Hanset, Marc"]
[Result "1-0"]
[WhiteElo "2213"]
[BlackElo "1850"]
[PlyCount "71"]

1. e4 e5 2. f4 exf4 3. Nf3 Be7 4. Nc3 Nf6 5. e5 Ng4 6. Bc4 O-O 7. O-O d6 8.
exd6 cxd6 9. d4 Ne3 10. Bxe3 fxe3 11. Qd3 Nc6 12. Rae1 Bf6 13. Nd5 e2 14. Rxe2
Bg4 15. c3 Na5 16. Bb5 a6 17. Ba4 b5 18. Bc2 g6 19. Qe4 Be6 20. Nxf6+ Qxf6 21.
d5 Bf5 22. Qf4 Kg7 23. Nd4 Rae8 24. Rxe8 Rxe8 25. Bxf5 gxf5 26. Nxf5+ Kh8 27.
Qxd6 Qxd6 28. Nxd6 Re2 29. b4 Nc4 30. Nxc4 bxc4 31. Rd1 Kg7 32. d6 Re8 33. a4
Kf6 34. b5 axb5 35. axb5 Ke6 36. Re1+ 1-0

[Event "TIPC 2010"]
[Site "Charleroi"]
[Date "2010.08.02"]
[Round "3.15"]
[White "Vanderwaeren, Serge"]
[Black "Reyskens, Jules"]
[Result "1-0"]
[WhiteElo "2168"]
[BlackElo "1629"]
[PlyCount "93"]

1. Nf3 Nf6 2. c4 e6 3. b3 d5 4. Bb2 Be7 5. e3 O-O 6. Nc3 Nbd7 7. d4 c5 8. Bd3
cxd4 9. exd4 b6 10. O-O Bb7 11. Qe2 Re8 12. Rfd1 Rc8 13. Rac1 dxc4 14. bxc4
Bxf3 15. Qxf3 Nf8 16. g3 Ng6 17. h4 h5 18. Nb5 a6 19. Na7 Rc7 20. Nc6 Qa8 21.
Nxe7+ Rcxe7 22. Qxa8 Rxa8 23. a4 Rd7 24. Rb1 Ne7 25. Bc3 Nc8 26. f4 Rc7 27.
Rdc1 Nd6 28. d5 Nde4 29. Bxf6 Nxf6 30. dxe6 fxe6 31. Rxb6 Kf7 32. c5 Nd7 33.
Rxa6 Rxa6 34. Bxa6 Rxc5 35. Rxc5 Nxc5 36. Bb5 Nb7 37. Kf2 Kf6 38. Ke3 e5 39.
fxe5+ Kxe5 40. Be8 Kf5 41. Bxh5 g5 42. hxg5 Kxg5 43. Bf3 Nd6 44. Kd4 Nf5+ 45.
Kc5 Nxg3 46. a5 Nf5 47. a6 1-0

[Event "TIPC 2010"]
[Site "Charleroi"]
[Date "2010.08.02"]
[Round "3.16"]
[White "Ooghe, Jean-Marie"]
[Black "Lacroix, Bruno"]
[Result "0-1"]
[WhiteElo "1816"]
[BlackElo "2165"]
[PlyCount "108"]

1. d4 f5 2. Nf3 Nf6 3. g3 e6 4. Bg2 Be7 5. O-O O-O 6. c4 d6 7. Nc3 a5 8. Re1
Ne4 9. Nxe4 fxe4 10. Nd2 d5 11. cxd5 exd5 12. a3 Ra6 13. Nb1 Raf6 14. Rf1 Nc6
15. Nc3 Be6 16. Be3 Qe8 17. Qb3 Qd7 18. Rac1 Rf5 19. Rfd1 Nd8 20. Qb5 c6 21.
Qxa5 Rh5 22. b4 Bh3 23. Bh1 Qf5 24. Bf4 Ne6 25. e3 g5 26. Bxe4 Qf7 27. Nxd5
cxd5 28. Bxd5 gxf4 29. exf4 Rd8 30. Bxe6 Bxe6 31. Rc5 Bd5 32. Re1 Rxh2 33. Rxd5
Rxd5 34. Qa8+ Bd8 35. Kxh2 Rh5+ 36. Kg2 Qd5+ 37. f3 Qa2+ 38. Kg1 Qh2+ 39. Kf1
Qh1+ 40. Ke2 Rh2+ 41. Kd3 Qxf3+ 42. Re3 Qf1+ 43. Ke4 Qb1+ 44. Kd5 Qf5+ 45. Re5
Qd7+ 46. Ke4 Qc6+ 47. Ke3 Qc3+ 48. Ke4 Qc2+ 49. Kf3 Qg2+ 50. Kg4 Rh4+ 51. Kf5
Rh5+ 52. Kg4 Qh3+ 53. Kf3 Qf1+ 54. Kg4 Qd1+ 0-1

[Event "TIPC 2010"]
[Site "Charleroi"]
[Date "2010.08.02"]
[Round "3.17"]
[White "Van Mechelen, Jan"]
[Black "Mattheys, Eddy"]
[Result "1-0"]
[WhiteElo "2278"]
[BlackElo "1937"]
[PlyCount "43"]

1. e4 e6 2. d4 d5 3. Nc3 dxe4 4. Nxe4 Nd7 5. Nf3 Ngf6 6. Nxf6+ Nxf6 7. c3 c5 8.
Ne5 Qa5 9. Be3 cxd4 10. Bxd4 Be7 11. Bd3 O-O 12. O-O Qc7 13. Qf3 Bd7 14. Rad1
Rfd8 15. Rfe1 Rac8 16. Qh3 h6 17. Bc2 Bc6 18. Nxf7 Rxd4 19. Rxd4 Kxf7 20. Qxe6+
Kf8 21. Bb3 Bc5 22. Rf4 1-0

[Event "TIPC 2010"]
[Site "Charleroi"]
[Date "2010.08.02"]
[Round "3.18"]
[White "Burnay, Gérard"]
[Black "Duhayon, Yves"]
[Result "0-1"]
[WhiteElo "1938"]
[BlackElo "2211"]
[PlyCount "61"]

1. Nf3 d5 2. g3 Nf6 3. Bg2 e6 4. O-O Be7 5. c4 O-O 6. b3 c5 7. Bb2 Nc6 8. e3 d4
9. exd4 cxd4 10. Re1 Re8 11. d3 Bc5 12. Nbd2 e5 13. a3 a5 14. h3 Bf5 15. Qe2 e4
16. Nxe4 Nxe4 17. dxe4 Bxe4 18. Qd2 Qb6 19. b4 axb4 20. axb4 Bxb4 21. Rxa8 Rxa8
22. Qe2 Bxe1 23. Nxe1 Bxg2 24. Kxg2 Qb3 25. c5 Qd5+ 26. Kh2 Qe6 27. Qxe6 fxe6
28. Nd3 Ra2 29. Bc1 e5 30. Kg2 e4 31. Nf4 0-1

[Event "TIPC 2010"]
[Site "Charleroi"]
[Date "2010.08.02"]
[Round "3.19"]
[White "Decrop, Benjamin"]
[Black "Van Vlaenderen, Koen"]
[Result "1/2-1/2"]
[WhiteElo "1825"]
[BlackElo "2056"]
[PlyCount "70"]

1. e4 c5 2. Nf3 Nc6 3. d4 cxd4 4. Nxd4 Nf6 5. Nc3 d6 6. Be2 e6 7. Be3 Be7 8.
Qd2 O-O 9. O-O-O a6 10. f3 Nxd4 11. Bxd4 Qa5 12. Kb1 Kh8 13. h4 b5 14. Qe3 Nd7
15. e5 dxe5 16. Bxe5 Nxe5 17. Qxe5 Bf6 18. Qc5 Bb7 19. Ne4 Bxe4 20. fxe4 Rfc8
21. Qe3 Qc7 22. Bd3 Qe5 23. Qc1 b4 24. g4 Qc7 25. g5 Be5 26. Rdf1 a5 27. h5 g6
28. hxg6 fxg6 29. Rf3 Rf8 30. Qf1 Qg7 31. Rxh7+ Kxh7 32. Qh3+ Kg8 33. Qxe6+ Rf7
34. Rxf7 Qxf7 35. Qxe5 Rd8 1/2-1/2

[Event "TIPC 2010"]
[Site "Charleroi"]
[Date "2010.08.02"]
[Round "3.20"]
[White "Atanasiu, Nicolae"]
[Black "De Strycker, Nathan"]
[Result "1-0"]
[WhiteElo "2042"]
[BlackElo "1785"]
[PlyCount "69"]

1. e4 e6 2. d4 d5 3. Nc3 Bb4 4. e5 c5 5. Bd2 Bxc3 6. Bxc3 Ne7 7. f4 cxd4 8.
Bxd4 Nbc6 9. Nf3 Nf5 10. Bf2 Bd7 11. Bd3 Nfe7 12. a3 h6 13. Qd2 b6 14. b4 Qc7
15. O-O Rd8 16. Rae1 a5 17. b5 Nb8 18. Bd4 g6 19. Qe3 Nc8 20. Nh4 Rg8 21. a4
Ke7 22. Nf3 Rdf8 23. Rc1 Rd8 24. c4 Qb7 25. c5 Kf8 26. cxb6 Nxb6 27. Bxb6 Rc8
28. Bd4 Kg7 29. f5 gxf5 30. Bxf5 Bxb5 31. Rb1 exf5 32. Rxb5 Qc6 33. Nh4 Qc2 34.
Nxf5+ Kf8 35. Qa3+ 1-0

[Event "TIPC 2010"]
[Site "Charleroi"]
[Date "2010.08.02"]
[Round "4.1"]
[White "Houriez, Clément"]
[Black "Wirig, Anthony"]
[Result "1/2-1/2"]
[WhiteElo "2259"]
[BlackElo "2489"]
[PlyCount "57"]

1. d4 Nf6 2. c4 g6 3. Nc3 Bg7 4. e4 d6 5. Nf3 O-O 6. Be2 e5 7. O-O Nc6 8. d5
Ne7 9. b4 Nh5 10. Re1 f5 11. Ng5 Nf6 12. Bf3 c6 13. b5 h6 14. Ne6 Bxe6 15. dxe6
fxe4 16. Nxe4 Nxe4 17. Bxe4 d5 18. cxd5 cxd5 19. Ba3 dxe4 20. Qxd8 Rfxd8 21.
Bxe7 Re8 22. Bc5 Rxe6 23. Rxe4 a6 24. bxa6 Rexa6 25. a3 Bf8 26. Bxf8 Kxf8 27.
Rxe5 Rxa3 28. Rxa3 Rxa3 29. h4 1/2-1/2

[Event "TIPC 2010"]
[Site "Charleroi"]
[Date "2010.08.02"]
[Round "4.2"]
[White "Godart, François"]
[Black "Hautot, Stéphane"]
[Result "1/2-1/2"]
[WhiteElo "2240"]
[BlackElo "2422"]
[PlyCount "70"]

1. d4 d5 2. c4 c6 3. Nc3 Nf6 4. Nf3 dxc4 5. a4 Bf5 6. e3 e6 7. Bxc4 Bb4 8. O-O
O-O 9. Qe2 Bg6 10. Ne5 Nbd7 11. Nxg6 hxg6 12. Rd1 Qa5 13. Qc2 Nb6 14. Be2 Nbd5
15. Bd2 Rfd8 16. e4 Ne7 17. Be3 Rac8 18. Na2 c5 19. dxc5 Rxd1+ 20. Qxd1 Bxc5
21. Bxc5 Qxc5 22. Rc1 Qb6 23. Rxc8+ Nxc8 24. Qc2 Ne7 25. Bf3 Nc6 26. Nc3 Nd4
27. Qd2 e5 28. Nd5 Nxd5 29. exd5 Nxf3+ 30. gxf3 Qd6 31. Qd3 Kf8 32. Qb5 b6 33.
Qa6 Qd7 34. d6 f6 35. Qd3 Kf7 1/2-1/2

[Event "TIPC 2010"]
[Site "Charleroi"]
[Date "2010.08.02"]
[Round "4.3"]
[White "Van der Stricht, Geert"]
[Black "Maes, Wim"]
[Result "1/2-1/2"]
[WhiteElo "2393"]
[BlackElo "2232"]
[PlyCount "99"]

1. d4 Nf6 2. c4 g6 3. Nc3 Bg7 4. e4 d6 5. Be2 O-O 6. Nf3 e5 7. O-O Na6 8. Be3
Ng4 9. Bg5 Qe8 10. Re1 exd4 11. Nd5 f6 12. Bf4 d3 13. Bxd3 Ne5 14. Be2 Qf7 15.
Nd4 c6 16. Ne3 Nc5 17. Qc2 a5 18. Rad1 Qc7 19. Rd2 Re8 20. Red1 Nf7 21. f3 f5
22. Nb3 Ne6 23. Bxd6 Nxd6 24. Rxd6 a4 25. Nc1 Be5 26. c5 Bxd6 27. Rxd6 Ng7 28.
Nc4 Be6 29. Nb6 Rad8 30. e5 Bf7 31. Qc3 f4 32. Bd3 Qe7 33. Be4 Ne6 34. Nd3 Ng5
35. Nf2 Be6 36. Bd3 Nf7 37. Ne4 Kg7 38. Nf6 Rf8 39. h4 Nxe5 40. Ne4 Bf5 41. Nc4
Rde8 42. Ng5 Kh6 43. Nxe5 Qxe5 44. Qxe5 Rxe5 45. Bxf5 Rfxf5 46. Rd7 Rxg5 47.
hxg5+ Kxg5 48. Rxh7 Rxc5 49. Rxb7 Rc2 50. Ra7 1/2-1/2